[Event "World Chess Candidates 2018"]
[Site "Berlin"]
[Date "2018.03.27"]
[Round "14"]
[White "Karjakin, Sergey"]
[Black "Ding, Liren"]
[Result "1/2-1/2"]
[WhiteElo "2763"]
[BlackElo "2769"]
[Annotator "TA"]
[PlyCount "90"]
[EventDate "2018.??.??"]
[EventType "tourn"]
[EventCountry "GER"]
[SourceTitle "playchess.com"]
[Source "ChessBase"]
[SourceQuality "1"]

{[%evp 27,90,9,13,19,8,12,21,0,0,-15,-15,-15,-8,-8,-8,-8,-8,-8,-8,-8,0,-8,11,0,0,0,0,-40,-40,-40,-40,-40,-40,-40,-40,-40,-40,-40,-40,-40,-40,-97,-97,-97,-97,-97,-97,-97,-97,-97,-97,-97,-97,-98,-98,-98,-7,-7,-21,-29,0,-66,0,-140,-140]} 1. e4 e5 2. Nf3 Nc6 3. Bb5 a6 4. Ba4 Nf6 5. O-O Be7 6. d3 b5 7. Bb3 d6 8. a3 O-O 9. Nc3 Bg4 10. Be3 Nd4 {C84: Closed Ruy Lopez: Unusual White 6th moves} 11. Bxd4 exd4 12. Nd5 c5 13. a4 Be6 14. Nxf6+ Bxf6 {LiveBook: 5 Games} 15. Bxe6 fxe6 16. Qe2 Qd7 17. b3 {[#]} e5 $146 ({Predecessor:} 17... Qc7 18. Rfe1 {1-0 (42) Motylev,A (2687)-Eljanov,P (2732) Poikovsky 2014}) 18. Ra2 b4 19. Nd2 {[%cal Bf3d2,Bd2c4,Bc4b6,Bb6d5][%mdl 32]} Rae8 {[%cal Ba8e8,Be8e6,Be6f6,Bf6f3][%mdl 32]} 20. Raa1 $1 Bd8 21. g3 g5 22. Nc4 Re6 23. a5 Ref6 24. f3 h5 {[%cal Bh7h5,Bh5h4,Bh4h3][%mdl 32]} 25. Nb6 Qf7 {[%cal Rf6f3]} 26. Kg2 h4 27. Nd5 {[#] Strongly threatening f4.} h3+ 28. Kg1 Rxf3 29. g4 $1 Kg7 30. Rxf3 Qxf3 31. Qxf3 Rxf3 32. Rf1 $1 {[%cal Rf1f3]} Rxf1+ 33. Kxf1 Bxa5 $15 {[%mdl 4096] Endgame KB-KN} 34. Ne7 ({Better is} 34. Kf2 $1 $15) 34... Kf6 $17 35. Nf5 Ke6 36. Ng3 Bd8 37. Nh1 a5 38. Ke2 d5 {White must now prevent ...dxe4.} 39. Nf2 Kd6 40. exd5 Kxd5 41. Ne4 {[#]} Kc6 ({Black should play} 41... c4 $1 $17 {Threatens to win with ...c3.} 42. bxc4+ Kc6) 42. Kd2 $11 Be7 43. Kc1 $1 Kb5 44. Kb2 (44. Kb1 $1 $11) 44... a4 ({Black should try} 44... Kb6 $15) 45. Ka2 (45. bxa4+ $11 {was the only way to keep the balance.} Kxa4 46. Ka2) 45... a3 {Precision: White = 65%, Black = 57%.} 1/2-1/2